Zgadnij miasto po dworcu 3 (Polska) - Statystyki

Ogólne statystyki
  • Ten quiz został rozwiązany 26 razy
  • Średni wynik to 2 z 16
Statystyki odpowiedzi
Obrazkowy Odpowiedź % Poprawnych
Płock
62%
Hel
31%
Słupsk
23%
Elbląg
15%
Kobiór
15%
Nędza
15%
Świnoujście
15%
Zabrze
15%
Jaworzno
8%
Jelenia Góra
8%
Oleśnica
8%
Ostrołęka
8%
Rydułtowy
8%
Trzemeszno
8%
Władysławowo
8%
Siedlce
0%
Nie znaleziono quizów pasujących do podanych kryteriów
Rozkład punktacji
Procent ludzi z każdym wynikiem
Percentyl według liczby udzielonych odpowiedzi
Twoja historia wyników
Nie rozwiązałeś tego quizu